000 00849nam a2200229 a 4500
008 120416s2003 ||||||||||||||||| || u
020 _a0415284147
050 _aQC 671 Rok
100 _aRokhlin, L. L. (Lazar§ Leonovich)
245 1 0 _aMagnesium alloys containing rare earth metals : structure and properties /
260 _aLondon
_bTaylor & Francis
_c2003
300 _ax, 245p. : ill.
350 _a0.00
490 _aAdvances in metallic alloys
490 _vv. 3
500 _aIncludes bibliographical references and index.
650 _aRARE EARTH METALS
650 _aALLOYS
650 _aMagnesium alloys
856 _uhttp://www.e-streams.com/es0711/es0711_3639.html
995 _D0.00
_FCBU-MAIN LIBRARY (Kitwe)
_H1
_I25.75
_M1
_UAVAILABLE
_ZMain Library Open Access Collection
999 _c49668
_d49668